000 00640nam a2200205 u 4500
005 20240228064018.0
008 100901s2006 r 000 0 eng d
020 _a9562941663
035 _aUPN01000177645
049 _aI
050 4 _aPZ78
_bB3.4
100 1 _aBalcells, Jacqueline,
_d1944-
_931758
245 1 3 _aEl jardín del terremoto y otros cuentos /
_cJacqueline Balcells.
260 _aSantiago de Chile :
_bMare Nostrum,
_c2006.
300 _a78 p. :
_bil.
440 3 _aLa buena letra.
_pLiteratura actual
650 4 _aLibros y lectura para niños
_92290
650 4 _aCUENTOS INFANTILES CHILENOS
_911282
905 _aInfantil
999 _c149748
_d149748